| 000 | 00969nac a22002897a 4500 | ||
|---|---|---|---|
| 001 | BR9210098 | ||
| 003 | BR-BrBNA | ||
| 005 | 20240105121300.0 | ||
| 008 | 230509b bl.|||m| |||| 00| 0 por d | ||
| 040 |
_aBR-BrBNA _bpor _cBiblioteca Nacional de Agricultura |
||
| 072 | _aF30; L02 | ||
| 090 | _a5212 BR9210098 | ||
| 100 | 1 | _aCampos, F.I. da S. | |
| 110 | 1 |
_aEmpresa de Pesquisa Agropecuaria do Estado de Mato Grosso S.A., Cuiaba (Brasil) _94113 |
|
| 245 | 1 | _aComportamento de leguminosas nos cerrados de Mato Grosso | |
| 260 | 3 |
_aCuiaba, MT (Brasil): _c1990. |
|
| 300 | _a7 p. | ||
| 490 |
_aComunicado Tecnico - Empresa de Pesquisa Agropecuaria do Estado de Mato Grosso S.A. (Brazil) _vno. 15 _xISSN 0101-9015 |
||
| 650 | _aBovino | ||
| 650 | _aLeguminosa Forrageira | ||
| 650 | _aGermoplasma | ||
| 650 | _aRendimento | ||
| 650 | _aNutricao Animal | ||
| 650 | _aMato Grosso | ||
| 909 |
_a202312 _bLúcia Elande _c55 _dLúcia Elande |
||
| 942 |
_2AGRIS _n0 _cMS |
||
| 999 |
_c284391 _d284391 |
||